000 00504nam a2200169Ia 4500
003 GCL
008 140319s9999 xx 000 0 ara d
040 _aGCL /
_cGCL
082 0 4 _a189
_bم ف
100 1 _aمحمد بيصار
245 1 0 _aفى فلسفة ابن رشيد: الوجوة والخلود ط3 /
_cمحمد بيصار
260 _a[S.N] :
_bدار الكتاب اللبنانى ،
_c1973
300 _a208
490 _a
650 0 4 _aالفلسفة الاسلامية
942 _2ddc
_cBK
999 _c53657
_d53657